[Event "USCL Week 10"]
[Site "Internet Chess Club"]
[Date "2014.10.29"]
[Round "?"]
[White "Kovalyov, Anton"]
[Black "Molner, Mackenzie"]
[Result "0-1"]
[WhiteElo "2717"]
[BlackElo "2581"]
[PlyCount "67"]
[EventDate "2014.??.??"]

1. Nf3 d5 2. d4 Nf6 3. c4 e6 4. g3 dxc4 5. Bg2 a6 6. Ne5 c5 7. dxc5 Qa5+ 8. Nc3
Qxc5 9. Qa4+ Nbd7 10. Nxc4 b5 11. Qd1 Rb8 12. Na5 Qc7 13. Nb3 Bb7 14. f3 Be7
15. Bf4 e5 16. Be3 Nb6 17. Nd2 Nbd5 18. Nxd5 Nxd5 19. Bg1 O-O 20. a3 Rfd8 21.
Rc1 Qa5 22. h4 e4 23. Kf1 Nf6 24. Be3 b4 25. Qc2 exf3 26. exf3 bxa3 27. Nc4 Qb5
28. bxa3 Bxa3 29. Rb1 Bb4 30. Kf2 Rbc8 31. Rhc1 Nd5 32. Bd4 Nf4 33. gxf4 Rxd4
34. Bf1 0-1

[Event "USCL Week 10"]
[Site "Internet Chess Club"]
[Date "2014.10.29"]
[Round "?"]
[White "Miramontes, Robert"]
[Black "Adamson, Robby"]
[Result "1-0"]
[WhiteElo "2221"]
[BlackElo "2347"]
[PlyCount "81"]
[EventDate "2014.??.??"]

1. d4 Nf6 2. Nf3 e6 3. Nbd2 c5 4. e3 cxd4 5. exd4 b6 6. c3 Bb7 7. Bd3 Be7 8.
Qe2 d6 9. O-O O-O 10. Re1 Nbd7 11. a4 a6 12. Nc4 Qc7 13. h3 Rfe8 14. Bf4 Bf8
15. Bh2 Qc6 16. Qf1 Rad8 17. Ncd2 Ra8 18. Ne4 Qc7 19. Qe2 Nxe4 20. Bxe4 Bxe4
21. Qxe4 Nf6 22. Qd3 Qb7 23. Ng5 b5 24. b4 bxa4 25. Ne4 Nxe4 26. Rxe4 Qb5 27.
Qd1 d5 28. Rg4 a5 29. Be5 g6 30. bxa5 Rxa5 31. h4 a3 32. h5 Qb2 33. Rb1 Qxc3
34. Rg3 Qc6 35. Qf3 Bg7 36. Bxg7 Kxg7 37. h6+ Kf8 38. Qf6 Qc2 39. Qg7+ Ke7 40.
Rb7+ Kd8 41. Qxf7 1-0

[Event "USCL Week 10"]
[Site "Internet Chess Club"]
[Date "2014.10.29"]
[Round "?"]
[White "Noble, Matthew"]
[Black "Vasquez III, Simon"]
[Result "0-1"]
[WhiteElo "2084"]
[BlackElo "2169"]
[PlyCount "120"]
[EventDate "2014.??.??"]

1. e4 c5 2. Nf3 g6 3. d4 cxd4 4. Nxd4 Nc6 5. c4 Nf6 6. Nc3 d6 7. Be2 Nxd4 8.
Qxd4 Bg7 9. Be3 O-O 10. Qd2 Be6 11. Rc1 Qa5 12. O-O Rfc8 13. b3 a6 14. f3 b5
15. Nb1 Qxd2 16. Nxd2 bxc4 17. Bxc4 d5 18. Bd3 dxe4 19. Rxc8+ Rxc8 20. Bxa6 Ra8
21. Bc4 Bxc4 22. bxc4 exf3 23. Nxf3 Rxa2 24. Rc1 Ng4 25. Bd4 e5 26. Bb6 e4 27.
Ne1 Ra6 28. h3 Rxb6 29. hxg4 Bh6 30. Rc2 Be3+ 31. Kf1 Bc5 32. g3 Rb3 33. Re2 f5
34. gxf5 gxf5 35. g4 Rg3 36. Rg2 Rxg4 37. Rxg4+ fxg4 38. Kg2 Kg7 39. Kg3 h5 40.
Kf4 Bf2 41. Ng2 e3 42. Kg5 e2 43. Kxh5 g3 44. Kg4 e1=Q 45. Nxe1 Bxe1 46. Kf3
Kf6 47. c5 Ke5 48. Kg2 Kd5 49. c6 Kxc6 50. Kf1 Bf2 51. Ke2 Kd5 52. Kf3 Ke5 53.
Kg2 Kf4 54. Kh1 Bc5 55. Kg2 Bd6 56. Kg1 Kf3 57. Kf1 g2+ 58. Kg1 Bc5+ 59. Kh2
g1=Q+ 60. Kh3 Qg3# 0-1

[Event "USCL Week 10"]
[Site "Internet Chess Club"]
[Date "2014.10.29"]
[Round "?"]
[White "Sang, Tian"]
[Black "Guadalupe II, Francisco"]
[Result "0-1"]
[WhiteElo "2325"]
[BlackElo "2351"]
[PlyCount "44"]
[EventDate "2014.??.??"]

1. e4 e5 2. f4 exf4 3. Nf3 d5 4. exd5 Nf6 5. Bb5+ c6 6. dxc6 Nxc6 7. Nc3 Bd6 8.
Qe2+ Be6 9. Nd4 O-O 10. Nxe6 fxe6 11. Bxc6 bxc6 12. Qxe6+ Kh8 13. O-O Qb6+ 14.
Kh1 Rae8 15. Qc4 Ng4 16. Nd1 Nxh2 17. Kxh2 f3+ 18. g3 Re2+ 19. Kh1 Rf5 20. Qg4
Qc5 21. Ne3 Rh5+ 22. Kg1 Rg2# 0-1

[Event "USCL Week 10"]
[Site "Internet Chess Club"]
[Date "2014.10.29"]
[Round "?"]
[White "Taghizadeh, Rayan"]
[Black "Casella, Michael"]
[Result "1-0"]
[WhiteElo "2172"]
[BlackElo "2262"]
[PlyCount "48"]
[EventDate "2014.??.??"]

1. e4 c5 2. Nf3 e6 3. d4 cxd4 4. Nxd4 Nf6 5. Nc3 Nc6 6. Be2 Bb4 7. Nxc6 bxc6 8.
Qd3 O-O 9. Bg5 h6 10. Bh4 g5 11. Bg3 d5 12. e5 Ne4 13. f3 Nxc3 14. bxc3 Be7 15.
f4 c5 16. O-O Kg7 17. fxg5 hxg5 18. Bh5 Qe8 19. Rf2 c4 20. Qe3 Kh6 21. Be2 Bd7
22. Raf1 Rg8 23. Rxf7 Rc8 24. Qf3 Rg6 1-0

[Event "USCL Week 10"]
[Site "Internet Chess Club"]
[Date "2014.10.29"]
[Round "?"]
[White "Bhat, Vinay"]
[Black "Remlinger, Larry"]
[Result "1-0"]
[WhiteElo "2555"]
[BlackElo "2375"]
[PlyCount "61"]
[EventDate "2014.??.??"]

1. d4 Nf6 2. c4 e6 3. Nf3 Bb4+ 4. Nbd2 b6 5. a3 Bxd2+ 6. Qxd2 Bb7 7. e3 d6 8.
Be2 Nbd7 9. O-O O-O 10. b4 Ne4 11. Qc2 f5 12. Bb2 Qe7 13. Rfd1 g5 14. d5 e5 15.
Nd2 Nxd2 16. Rxd2 a5 17. Re1 f4 18. exf4 gxf4 19. Bg4 axb4 20. axb4 Rf6 21. Ra1
Rxa1+ 22. Bxa1 Qg7 23. f3 Rf8 24. Bb2 Ra8 25. g3 fxg3 26. Rg2 Kh8 27. Rxg3 Qe7
28. Be6 Rf8 29. f4 Nf6 30. fxe5 dxe5 31. Qf5 1-0

[Event "USCL Week 10"]
[Site "Internet Chess Club"]
[Date "2014.10.29"]
[Round "?"]
[White "Kavutskiy, Konstantin"]
[Black "Wheeler, Cameron"]
[Result "0-1"]
[WhiteElo "2397"]
[BlackElo "2368"]
[PlyCount "86"]
[EventDate "2014.??.??"]

1. d4 d5 2. c4 c6 3. Nf3 Nf6 4. e3 e6 5. Bd3 Nbd7 6. Nbd2 Bd6 7. O-O O-O 8. e4
dxe4 9. Nxe4 Nxe4 10. Bxe4 h6 11. Bc2 Nf6 12. b3 b6 13. Bb2 Qc7 14. Qd3 Rd8 15.
Rfe1 Bb7 16. Rad1 Be7 17. Ne5 Kf8 18. Qe3 c5 19. Nxf7 Kxf7 20. Qxe6+ Kf8 21.
Bg6 Bd6 22. dxc5 bxc5 23. Bxf6 gxf6 24. Qxf6+ Kg8 25. Bf5 Qg7 26. Qe6+ Kh8 27.
Bg6 Be5 28. h4 Rxd1 29. Rxd1 Bd4 30. h5 Rf8 31. Rd2 Qc7 32. Be4 Qf4 33. Rxd4
Qxf2+ 34. Kh2 Qf4+ 35. Kh1 cxd4 36. Bxb7 d3 37. Bf3 d2 38. Qc6 Qh4+ 39. Kg1
Qd4+ 40. Kh2 Rxf3 41. Qxh6+ Kg8 42. Qg6+ Kf8 43. Qh6+ Ke7 0-1

[Event "USCL Week 10"]
[Site "Internet Chess Club"]
[Date "2014.10.29"]
[Round "?"]
[White "Harmon-Vellotti, Luke"]
[Black "Naroditsky, Daniel"]
[Result "0-1"]
[WhiteElo "2522"]
[BlackElo "2675"]
[PlyCount "94"]
[EventDate "2014.??.??"]

1. e4 e5 2. Nf3 Nc6 3. Bb5 a6 4. Ba4 Nf6 5. O-O Be7 6. d4 exd4 7. e5 Ne4 8.
Nxd4 O-O 9. Nf5 d5 10. exd6 Bxf5 11. dxe7 Qxe7 12. Bxc6 bxc6 13. Qf3 Qf6 14.
Nd2 Ng5 15. Qg3 Bxc2 16. Nc4 Ne4 17. Qa3 Nd6 18. Na5 Be4 19. f3 Bd5 20. Be3
Rab8 21. b3 Rfe8 22. Rae1 Qg6 23. Qc1 Nf5 24. Qd2 h5 25. Bf4 Nh4 26. Bg3 Nxf3+
27. gxf3 h4 28. Qf4 hxg3 29. hxg3 Qc2 30. Rc1 Qxa2 31. Nxc6 Re2 32. g4 Bxc6 33.
Rxc6 Qxb3 34. Rxc7 Rbe8 35. Kh1 Qa2 36. Rcc1 a5 37. Ra1 Qd5 38. Rad1 Qc6 39.
Rc1 Qg6 40. Rc5 Qb6 41. Rc7 Qe6 42. Rc5 Ra2 43. Rcc1 a4 44. Qg3 a3 45. Rce1 Re2
46. Rxe2 Qxe2 47. Rf2 a2 0-1

[Event "USCL Week 10"]
[Site "Internet Chess Club"]
[Date "2014.10.29"]
[Round "?"]
[White "Orlov, Georgi"]
[Black "Holt, Conrad"]
[Result "1/2-1/2"]
[WhiteElo "2528"]
[BlackElo "2664"]
[PlyCount "146"]
[EventDate "2014.??.??"]

1. Nf3 d5 2. c4 dxc4 3. e3 Be6 4. Ng5 Bd5 5. e4 e6 6. exd5 Qxg5 7. dxe6 Qe5+ 8.
Be2 Qxe6 9. O-O Bd6 10. Bf3 Qc8 11. Qa4+ c6 12. Qxc4 Ne7 13. Nc3 O-O 14. d4 Nd7
15. Re1 Nb6 16. Qd3 Qc7 17. g3 Rad8 18. Be3 Nbd5 19. Rac1 Nxe3 20. fxe3 Qa5 21.
a3 c5 22. Qb5 Qxb5 23. Nxb5 cxd4 24. exd4 Nf5 25. Bxb7 Bb8 26. d5 h5 27. Rc4 g6
28. Bc6 Nd6 29. Rb4 a5 30. Rb3 Nc4 31. Kg2 Be5 32. Re2 Bg7 33. a4 Rb8 34. Rc2
Nd6 35. Rd3 Rfd8 36. b3 Bf8 37. Nd4 Bg7 38. Nf3 Rb4 39. Rc5 Rdb8 40. Nd2 Rd4
41. Rxd4 Bxd4 42. Rc2 Nf5 43. Ra2 Bc3 44. Nc4 Nd4 45. Rf2 Kg7 46. Nd6 Rxb3 47.
Rxf7+ Kh6 48. Ne4 Bb4 49. h4 Rb2+ 50. Kh3 Re2 51. Ng5 Re7 52. Rf8 Kg7 53. Rf4
Nf5 54. Ne6+ Kh6 55. Rf3 Bd6 56. Bb5 Rb7 57. Bd3 Rb3 58. Ng5 Kg7 59. Bxf5 Rxf3
60. Nxf3 gxf5 61. Nd4 Kf6 62. Nc6 f4 63. Nxa5 f3 64. Nc4 f2 65. Kg2 Bxg3 66. d6
Ke6 67. a5 Kd7 68. Ne3 Bxd6 69. Kxf2 Kc6 70. a6 Be7 71. Kg3 Bxh4+ 72. Kxh4 Kb6
73. Kxh5 Kxa6 1/2-1/2

[Event "USCL Week 10"]
[Site "Internet Chess Club"]
[Date "2014.10.29"]
[Round "?"]
[White "Altounian, Levon"]
[Black "Stukopin, Andrey"]
[Result "1/2-1/2"]
[WhiteElo "2516"]
[BlackElo "2631"]
[PlyCount "138"]
[EventDate "2014.??.??"]

1. e4 c5 2. c3 Nf6 3. e5 Nd5 4. g3 Nc6 5. Bg2 e6 6. Nf3 f6 7. exf6 Qxf6 8. O-O
Be7 9. d4 cxd4 10. Bg5 Qg6 11. Bxe7 Ndxe7 12. cxd4 O-O 13. Nc3 d5 14. Qd2 Qh5
15. Ne1 Bd7 16. f4 Nf5 17. Nf3 Qh6 18. Rad1 Be8 19. Qf2 Bh5 20. Rd2 Bxf3 21.
Bxf3 Qf6 22. Rfd1 Rac8 23. Bg4 Nce7 24. Qe2 Rc6 25. Re1 Nxd4 26. Qe3 Qg6 27.
Qxd4 Qxg4 28. Qxa7 Ng6 29. Qxb7 Rxc3 30. bxc3 Nxf4 31. Qb4 Nh3+ 32. Kg2 Nf4+
33. Kg1 h5 34. Rf1 Nh3+ 35. Kg2 Rxf1 36. Qxg4 Rg1+ 37. Kxh3 hxg4+ 38. Kxg4 Rc1
39. a4 Ra1 40. Rd4 Ra3 41. Kf4 Rxc3 42. Ke5 Kf7 43. Rf4+ Ke7 44. Rg4 Re3+ 45.
Kd4 Re2 46. Rxg7+ Kf6 47. Ra7 Rxh2 48. a5 Rc2 49. a6 Rc4+ 50. Kd3 Rg4 51. Kc3
Ke5 52. Rd7 Rxg3+ 53. Kb4 Rg1 54. a7 Kd4 55. Kb5 Ra1 56. Kc6 Kc4 57. Kd6 d4 58.
Kxe6 d3 59. Ke5 Kc3 60. Rc7+ Kd2 61. Kd4 Ra3 62. Kc5 Kd1 63. Kb6 d2 64. Kb7 Ke1
65. Re7+ Kf2 66. Rd7 Ke2 67. a8=Q Rxa8 68. Kxa8 d1=Q 69. Rxd1 Kxd1 1/2-1/2

[Event "USCL Week 10"]
[Site "Internet Chess Club"]
[Date "2014.10.29"]
[Round "?"]
[White "Li, Ruifeng"]
[Black "Cozianu, Costin"]
[Result "1-0"]
[WhiteElo "2398"]
[BlackElo "2466"]
[PlyCount "173"]
[EventDate "2014.??.??"]

1. e4 e5 2. Nf3 Nc6 3. Bb5 a6 4. Ba4 Nf6 5. O-O Be7 6. Nc3 b5 7. Bb3 d6 8. a4
b4 9. Nd5 Na5 10. Ba2 Nxd5 11. Bxd5 c6 12. Ba2 Rb8 13. d4 exd4 14. Qxd4 O-O 15.
Bd2 Bg4 16. Qd3 Bf6 17. Rab1 Qc7 18. Qxa6 Bxf3 19. gxf3 Rfe8 20. Rfd1 Be5 21.
f4 Bd4 22. Qd3 Qb6 23. Be1 Bc5 24. Kg2 Rb7 25. f3 Qd8 26. Bg3 b3 27. Bxb3 Nxb3
28. cxb3 Qb8 29. Qc2 Rxb3 30. Rd3 Rxd3 31. Qxd3 Qb4 32. b3 Rb8 33. f5 g6 34.
fxg6 hxg6 35. Be1 Qd4 36. Qxd4 Bxd4 37. Bg3 Bc5 38. Kf1 Kf8 39. Ke2 Ke7 40. Kd3
Ke6 41. Be1 f5 42. b4 fxe4+ 43. fxe4 d5 44. Bc3 dxe4+ 45. Kxe4 Bd6 46. Rb2 Rb7
47. a5 Rh7 48. a6 Rh4+ 49. Kd3 Rh3+ 50. Kc4 Bb8 51. Rg2 Kf7 52. Rf2+ Ke7 53.
Bd4 Ra3 54. Bc5+ Ke6 55. Rf8 Be5 56. b5 Ra4+ 57. Kb3 cxb5 58. a7 Bd6 59. Bxd6
Rxa7 60. Bg3 Ra1 61. Rb8 Rb1+ 62. Kc2 Rb4 63. Kc3 Rb1 64. Kd4 Kf5 65. Kc5 Rc1+
66. Kxb5 g5 67. Rb7 Kg4 68. Rc7 Rd1 69. Rc2 Rd3 70. Bc7 Kh5 71. Kc6 Kh4 72. Bd6
Kh3 73. Kd7 Re3 74. Rc8 g4 75. Re8 Rc3 76. Rh8+ Kg2 77. Ke6 Rc6 78. Kd5 Ra6 79.
Be5 Ra4 80. Ke6 Ra3 81. Kf5 Ra4 82. Rb8 Ra5 83. Rb2+ Kh3 84. Rb3+ Kh4 85. Rg3
Ra4 86. Re3 Kh5 87. Rb3 1-0